A proposed communicational English syllabus for lower secondary schools in Malaysia /
محفوظ في:
| المؤلف الرئيسي: | |
|---|---|
| التنسيق: | أطروحة كتاب |
| اللغة: | English |
| منشور في: |
1983
|
| الموضوعات: | |
| الوسوم: |
إضافة وسم
لا توجد وسوم, كن أول من يضع وسما على هذه التسجيلة!
|
| LEADER | 01074cam a2200277 4500 | ||
|---|---|---|---|
| 001 | u34200 | ||
| 003 | SIRSI | ||
| 008 | 840921s1983 my t 00 1 eng m | ||
| 015 | |a X840007928 | ||
| 035 | |a AAD-6837 | ||
| 040 | |a UMM | ||
| 043 | |a a-my--- | ||
| 090 | |a LB1631 |b Sub | ||
| 091 | |a Microfiche 8976 | ||
| 100 | 0 | 0 | |a Subramaniam Govindasamy |
| 245 | 1 | 2 | |a A proposed communicational English syllabus for lower secondary schools in Malaysia / |c by Subramaniam Govindasamy |
| 260 | |c 1983 | ||
| 300 | |a vi, 163 leaves ; |c 28cm | ||
| 500 | |a Also available on microfiche. Kuala Lumpur : Perpustakaan Universiti Malaya, 1983. 3 fiches : negative ; 11x15cm | ||
| 502 | |a Dissertation (M.Ed.) - Fakulti Pendidikan, Universiti Malaya, 1983 | ||
| 650 | 0 | |a English language |x Study and teaching (Secondary) |z Malaysia | |
| 650 | 0 | |a English language |x Outlines, syllabi, etc. | |
| 710 | 2 | 0 | |a Universiti Malaya. |b Fakulti Pendidikan. |
| 948 | |a 16/03/1991 |b 25/11/2000 | ||
| 596 | |a 1 | ||
| 999 | |a LB1631 SUB |w LC |c 1 |i A507735188 |d 12/1/2010 |e 12/1/2010 |l STACKS |m P01UTAMA |n 15 |r Y |s Y |t TESIS |u 22/1/1992 | ||
